[Event "Hong Kong op"]
[Site "Hong Kong"]
[Date "2023.12.29"]
[Round "9"]
[White "Lundberg, Bjorn"]
[Black "Cai, Songliang"]
[Result "0-1"]
[WhiteElo "2210"]
[BlackElo "2056"]
[PlyCount "94"]
[EventDate "2023.12.24"]
[EventType "swiss"]
[EventRounds "9"]
[EventCountry "HKG"]
[SourceTitle "CB01_2024"]
[SourceDate "2024.01.03"]
[SourceVersion "1"]
[SourceVersionDate "2024.01.03"]
[SourceQuality "1"]

1. Nf3 Nf6 2. c4 c5 3. Nc3 d5 4. cxd5 Nxd5 5. e3 Nc7 6. Bc4 e6 7. 0-0 Be7 8. d4 0-0 9. Qe2 Nc6 10. Rd1 cxd4 11. exd4 Nd5 12. Ne4 Bd7 13. h4 h6 14. h5 Qc7 15. Nc3 Qd6 16. Bd3 f5 17. Bc4 Bf6 18. Bxd5 exd5 19. g3 Rae8 20. Bf4 Qe6 21. Qd2 Qf7 22. Kg2 a6 23. Rh1 b5 24. Bd6 Be7 25. Bxe7 Rxe7 26. Ne2 f4 27. Nxf4 Bg4 28. Rac1 Bxf3+ 29. Kxf3 Qf5 30. Kg2 Qe4+ 31. f3 Qxd4 32. Rhd1 Qxd2+ 33. Rxd2 Ne5 34. Nxd5 Ree8 35. Re1 Nc4 36. Rde2 Rxe2+ 37. Rxe2 Rd8 38. Nf4 Kf7 39. b3 Nb6 40. Rc2 Nd5 41. Nxd5 Rxd5 42. g4 a5 43. Kg3 Rd4 44. Kf2 a4 45. Ke3 Rb4 46. Rc3 axb3 47. axb3 Ke6 0-1

[Event "Hong Kong op"]
[Site "Hong Kong"]
[Date "2023.12.28"]
[Round "8"]
[White "Cai, Songliang"]
[Black "He, Canzhou"]
[Result "1-0"]
[WhiteElo "2056"]
[BlackElo "1826"]
[PlyCount "83"]
[EventDate "2023.12.24"]
[EventType "swiss"]
[EventRounds "9"]
[EventCountry "HKG"]
[SourceTitle "CB01_2024"]
[SourceDate "2024.01.03"]
[SourceVersion "1"]
[SourceVersionDate "2024.01.03"]
[SourceQuality "1"]

1. e4 c5 2. Nf3 e6 3. d4 cxd4 4. Nxd4 Nf6 5. Nc3 Nc6 6. Nxc6 bxc6 7. e5 Nd5 8. Ne4 Qc7 9. f4 Qb6 10. c4 Ne3 11. Qd3 Bb4+ 12. Bd2 Ba6 13. Rc1 0-0 14. Bxb4 Qxb4+ 15. Qd2 Qxd2+ 16. Kxd2 Nf5 17. Bd3 Ne7 18. Rc3 Rab8 19. Ra3 Bxc4 20. Bxc4 Rxb2+ 21. Kc3 Rxg2 22. Rxa7 Ng6 23. Rf1 Rxh2 24. Nc5 Rh3+ 25. Bd3 Ne7 26. a4 Nd5+ 27. Kd4 Rh4 28. Be4 Nxf4 29. Rh1 Nh3 30. a5 f6 31. exf6 gxf6 32. Nxd7 Rf7 33. Kc5 Rxe4 34. Rxh3 f5 35. a6 f4 36. Rb7 Rf5+ 37. Kxc6 Rc4+ 38. Kd6 Ra4 39. a7 Ra6+ 40. Nb6 f3 41. Rg3+ Kf8 42. Kxe6 1-0